Statistics for Riddles

Click here to take the quiz!

General Stats

  • This quiz has been taken 366 times
  • The average score is 5 of 15

Answer Stats

HintAnswer% Correct
What is at the end of Rainbow?W
88%
What can go through glass without breaking it?Light
70%
The more there is, the less you see. What am I?Darkness
55%
There are 6 sisters. Each sister has 1 brother.
How many brothers are in the sister’s family?
1 Brother
36%
What can run but not walk?Water
35%
There is a single-story blue house where everything is blue;
the doors, windows, couch, television, kitchen, etc. are blue.
What color is the carpet on the stairs in this house?
There are no stairs
34%
What can a child make but not see?Noise
32%
What has only two words, but thousands of letters?Post Office
32%
What ancient invention allows people to see through walls?Windows
30%
What has 5 fingers but is not alive?Glove
29%
What is stronger than steel but can’t handle the sun?Ice
17%
I have many faces, expressions, and emotions, and
I am usually right at your fingertips. What am I?
Emojis
15%
I can shave every day but my beard never changes. What am I?A Barber
11%
What has a neck but no head, two arms, and no hands?Shirt
8%
Nobody has ever walked this way. Which way is it?The Milky Way
4%

Score Distribution

Percentile by Number Answered

Percent of People with Each Score

Your Score History

You have not taken this quiz